| 000 | 01069nam a22002897a 4500 | ||
|---|---|---|---|
| 003 | dpl | ||
| 005 | 20180912133147.0 | ||
| 008 | 180912b xxu||||| |||| 00| 0 eng d | ||
| 010 | _aA-989069 | ||
| 020 | _c160.00 | ||
| 035 | _aA-989069, A-989093 | ||
| 037 | _bCen Lib/Ret | ||
| 040 |
_aDPL _bHN _c0 |
||
| 082 |
_aउ _bयाकूब |
||
| 100 |
_aयाकूब यावर _978432 |
||
| 245 |
_aप्रलय सिन्धु / _cयाकूब यावर |
||
| 246 |
_aPralya sindhu _bby Yakub Yavar |
||
| 260 |
_aदिल्ली _bयात्री प्रकाशन _c1999 |
||
| 270 |
_a बी -131, गली न . 2, सादतपुर _bदिल्ली _e110094 |
||
| 300 |
_a183पृष्ठ. _c20सेमी(सजिल्द) |
||
| 650 |
_aहिंदी साहित्य _978433 |
||
| 650 |
_aऐतिहासिक उपन्यास _978434 |
||
| 650 |
_ahindi Literature _978435 |
||
| 650 |
_aHistorical novel _929784 |
||
| 700 |
_a _978436 |
||
| 942 |
_2ddc _cHN _hउ _mयाकूब |
||
| 999 |
_c118119 _d118119 |
||